01456 a2200205 45000010006000000050017000060080041000230030015000640400040000790800093001192450119002122500012003312640036003433000019003795050769003980410008011671000025011757000029012007000021012292927220260407155601.0260407a1956 arg spa dAR-UNSa-BCEJYS aAR-UNSa-BCEJYSbspacAR-UNSa-BCEJYS a340xDerecho. Generalidades. Propedéutica. Métodos y ciencias auxiliares del derecho10aIntroducción al derechopnociones preliminares, teoría general, enciclopedia jurídica, historia de las ideas a5a. ed. 1aBuenos Aires :bEl Ateneoc1956 a539 p.c23 cm. a1. El conocimiento científico y filosófico. Los objetos y su clasificación. Los objetos de cultura. La conducta y los valores - 2. Objeto y método del conocimiento jurídico - 3. Disciplinas que estudian el fenómeno jurídico - 4. Las normas jurídicas - 5. El comportamiento humano (conducta) y su regulación normativa: técnica y ética. Derecho y moral - 6. La valoración jurídica. La justicia - 7. Los conceptos fundamentales - 8. El ordenamiento jurídico - 9. Derecho subjetivo - 10. Las fuentes del derecho. La Ley - 11. Las fuentes del derecho en particular (cont.). La costumbre y la jurisprudencia - 12. El método jurídico y el problema de la interpretación - 13. Aplicación de la Ley en relación al territorio y al tiempo aspa1 aAftalion, Enrique R.1 aGarcía Olano, Fernando1 aVilanova, José